Šedá ekonomika ako rizikový faktor diagnostiky podnikových procesov

Identifikácia rizík, ktoré podnikové aktivity v šedej zóne predstavujú pre diagnostiku podnikov na základe zmapovania determinantov podmieňujúcich vstup podnikov v SR do šedej ekonomiky.

Na minha lista:
Detalhes bibliográficos
Autor principal: Šagátová, Slavka, 1975-
Outros Autores: Dubcová, Gabriela, 1968-
Formato: Capítulo de Livro
Idioma:eslovaco
Assuntos:
Tags: Adicionar Tag
Sem tags, seja o primeiro a adicionar uma tag!

MARC

LEADER 00000nla a2200000 4500
001 0238327
005 20240524071510.0
041 0 |a slo 
044 |a SK 
245 1 0 |a Šedá ekonomika ako rizikový faktor diagnostiky podnikových procesov  |c Slávka Šagátová, Gabriela Dubcová 
520 |a Identifikácia rizík, ktoré podnikové aktivity v šedej zóne predstavujú pre diagnostiku podnikov na základe zmapovania determinantov podmieňujúcich vstup podnikov v SR do šedej ekonomiky. 
610 2 0 |a ekonomika tieňová 
610 2 0 |a diagnostika podniková 
610 2 0 |a práca nelegálna 
610 2 0 |a riziko finančné 
610 2 0 |a riziko podnikateľské 
610 2 0 |a procesy podnikové 
100 1 |a Šagátová, Slavka, 1975- 
700 1 |a Dubcová, Gabriela, 1968-